| 000 | 00642nam a2200181Ia 4500 | ||
|---|---|---|---|
| 008 | 151202s9999||||xx |||||||||||||| ||und|| | ||
| 082 | _bPNVM-71825 | ||
| 100 | _aदेवरे सुधीर. | ||
| 245 | _aअहिराणी लोकसंस्कृती. | ||
| 260 | _bपद्गंधा प्रकाशन पुणे. | ||
| 260 | _c71825 | ||
| 300 | _a152 | ||
| 600 | _aदेवरे सुधीर. | ||
| 630 | _aअहिराणी लोकसंस्कृती. | ||
| 700 | _aदेवरे सुधीर. | ||
| 730 | _aअहिराणी लोकसंस्कृती. | ||
| 942 | _cBOOK | ||
| 999 |
_c1338494 _d1338491 |
||